| 000 -LEADER |
| fixed length control field |
00556nam a2200181 4500 |
| 008 - FIXED-LENGTH DATA ELEMENTS--GENERAL INFORMATION |
| fixed length control field |
190905b ||||| |||| 00| 0 eng d |
| 100 ## - MAIN ENTRY--PERSONAL NAME |
| Personal name |
Groot, Loek |
| 245 ## - TITLE STATEMENT |
| Title |
Welfare states' social investment strategies and the emergence of Dutch experiments on a minimum income guarantee |
| 260 ## - PUBLICATION, DISTRIBUTION, ETC. (IMPRINT) |
| Date of publication, distribution, etc |
2019 |
| 300 ## - PHYSICAL DESCRIPTION |
| Extent |
p.277-287. |
| 650 ## - SUBJECT ADDED ENTRY--TOPICAL TERM |
| Topical term or geographic name as entry element |
Welfare state |
| 9 (RLIN) |
9765 |
| 650 ## - SUBJECT ADDED ENTRY--TOPICAL TERM |
| Topical term or geographic name as entry element |
Income |
| 9 (RLIN) |
9766 |
| 700 ## - ADDED ENTRY--PERSONAL NAME |
| Personal name |
Muffels, Ruud |
| 9 (RLIN) |
9767 |
| 700 ## - ADDED ENTRY--PERSONAL NAME |
| Personal name |
Verlaat, Timo |
| 9 (RLIN) |
9768 |
| 773 ## - HOST ITEM ENTRY |
| Main entry heading |
Social Policy and Society |
| 906 ## - LOCAL DATA ELEMENT F, LDF (RLIN) |
| Subject DIP |
Social policy |
| 942 ## - ADDED ENTRY ELEMENTS (KOHA) |
| Source of classification or shelving scheme |
|
| Item type |
Articles |